Compendio de decisiones judiciales nacionales en América Latina sobre temas relacionados con el Medio Ambiente : derecho Ambiental /
Guardado en:
| Autor Principal: | |
|---|---|
| Formato: | Libro |
| Idioma: | Spanish |
| Publicado: |
México :
PNUMA,
2006.
|
| Series: | Derecho Ambiental ;
14 |
| Materias: | |
| Etiquetas: |
Agregar Etiqueta
Sin Etiquetas, Sea el primero en etiquetar este registro!
|
| LEADER | 00705nam a22002175a 4500 | ||
|---|---|---|---|
| 001 | DER.der013900 | ||
| 008 | 190813s2006####mx############000#0#spa#d | ||
| 005 | 20251217132330.0 | ||
| 245 | 1 | 0 | |a Compendio de decisiones judiciales nacionales en América Latina sobre temas relacionados con el Medio Ambiente : |b derecho Ambiental / |c Sergio O. Dugo. |
| 260 | |a México : |b PNUMA, |c 2006. | ||
| 300 | |a 141 p. | ||
| 490 | 0 | |a Derecho Ambiental ; |v 14 | |
| 020 | |a 9280727397 | ||
| 100 | |a Dugo, Sergio O. | ||
| 653 | |a MEDIO AMBIENTE | ||
| 653 | |a ECOSISTEMA | ||
| 653 | |a BIODIVERSIDAD | ||
| 653 | |a SOSTENIBILIDAD | ||
| 653 | |a NORMALIZACION | ||
| 653 | |a AMERICA LATINA | ||
| 859 | |a DERECHO |b BIB. DERECHO |h 346.046 |i DUG |p 009021 | ||
